Carregant...

എഴുപത്തിരണ്ട് ബ്രഹ്‌മനാദ ശ്രുതികൾ (Ezhupathirandu brahmanadha sruthikal)

Dades bibliogràfiques
Autor principal: സായിബാബു (Saibabu)
Format: Printed Book
Publicat: Trivandrum Bhasha Institute 2012
Matèries:
LEADER 00585nam a2200145 4500
999 |c 58409  |d 58409 
020 |a 9788176382557 
082 |a M780.954  |b SAI/E 
100 |a സായിബാബു (Saibabu) 
245 |a എഴുപത്തിരണ്ട് ബ്രഹ്‌മനാദ ശ്രുതികൾ (Ezhupathirandu brahmanadha sruthikal) 
260 |a Trivandrum  |b Bhasha Institute  |c 2012 
300 |a 162p 
650 |a pure music  
942 |c BK 
952 |0 0  |1 0  |4 0  |6 M_780_954000000000000_SAI_E  |7 0  |9 65501  |a KUCL  |c M  |d 2020-01-28  |g 90.00  |l 0  |o M780.954 SAI/E  |p 49870  |r 2020-01-28  |w 2020-01-28  |y BK